| 000 | 01238nam a2200253Ia 4500 | ||
|---|---|---|---|
| 003 | Ost | ||
| 005 | 20260416102353.0 | ||
| 008 | 260416s9999||||xx |||||||||||||| ||und|| | ||
| 040 | _cfsecg | ||
| 041 | _aara | ||
| 082 | _a338.5 | ||
| 100 |
_aدحماني، إسماعيل _eمؤلف |
||
| 245 | 0 |
_aمحاضرات في الإقتصاد الجزئي : _bدروس وأمثلة / _c إسماعيل دحماني |
|
| 260 |
_aالجزائر _bجامعة الجزائر3: كلية العلوم الإقتصادية، العلوم التجارية وعلوم التسيير _c2019 |
||
| 300 |
_a107 ورقة _bايضاحات _c30 سم |
||
| 504 | _aمراجع ص.107 | ||
| 520 | _aعلم الإقتصاد والمشكلة الاقتصادية، تحليل الأسواق، تحليل سلوك المستهلك، تحليل سلوك المنتج، هياكل الأسواق الاقتصادية | ||
| 653 | _aالأسواق | ||
| 653 | _aالإقتصاد الجزئي | ||
| 653 | _aالمستهلكون | ||
| 653 | _aالمشاكل الاقتصادية | ||
| 710 |
_aجامعة الجزائر3: كلية العلوم الإقتصادية، العلوم التجارية وعلوم التسيير _eناشر علمي |
||
| 942 | _cHANDOUT | ||
| 999 |
_c41107 _d41107 |
||